Quốc triều hình luật : Luật hình triều Lê.

Gorde:
Xehetasun bibliografikoak
Formatua: Liburua
Hizkuntza:Vietnamese
Argitaratua: Tp.HCM 2003
Etiketak: Etiketa erantsi
Etiketarik gabe, Izan zaitez lehena erregistro honi etiketa jartzen!
Thư viện lưu trữ: Mạng thư viện Đại học Đà Nẵng
LEADER 00588nam a2200241 4500
001 000020511
003 16957
005 20150320150319.0
008 150320s2003 viesd
020 |c 28000 
041 0 |a vie 
082 1 4 |a 340.52597  |b Qu-T 
245 1 0 |a Quốc triều hình luật : Luật hình triều Lê. 
260 |b Tp.HCM  |c 2003 
300 |a tr.  |c cm. 
OWN |a LSP 
999 |a From the UDN01 
TYP |a Monograph 
TYP |a Printed language 
980 |a Mạng thư viện Đại học Đà Nẵng